| 000 | 00695nam a2200193 a 4500 | ||
|---|---|---|---|
| 003 | BD-RjUL | ||
| 005 | 20250617125618.0 | ||
| 008 | 250617s1995 bg ||||| |||| 00| 0 ben d | ||
| 035 | _a(BD-RjUL) | ||
| 040 |
_aBD-RjUL _beng _cBD-RjUL |
||
| 082 |
_223 _a891.441 _bSHB 1995 |
||
| 100 |
_aশাহ, আব্দুর রকীব _915701 |
||
| 245 |
_aবুকের পাঁজর / _cকাজী সূফী আব্দুর রকীব শাহ |
||
| 260 |
_aঢাকা : _bবনবীথি প্রকাশনী, _c১৯৯৫ |
||
| 300 |
_a৪৮ পৃ.; _c২২ সেমি. |
||
| 650 | _aবাংলা কবিতা | ||
| 650 | _aBengali poetry | ||
| 942 |
_2ddc _cBK |
||
| 999 |
_c84999 _d84999 |
||